Loading...
| Current Events | 3 | 23.33 | 67% | 100% | 67% |
| Fine Arts - Classical Music | 3 | 6.67 | 67% | 0% | 0% |
| Fine Arts - Other Fine Arts | 5 | 16.00 | 80% | 40% | 40% |
| Geography | 3 | 16.67 | 100% | 67% | 0% |
| History - American History | 7 | 17.14 | 100% | 43% | 29% |
| History - European History | 7 | 17.14 | 86% | 71% | 14% |
| History - Other History | 8 | 22.50 | 100% | 88% | 38% |
| History - World History | 2 | 15.00 | 50% | 100% | 0% |
| Literature - American Literature | 6 | 16.67 | 67% | 67% | 33% |
| Literature - British Literature | 5 | 10.00 | 60% | 20% | 20% |
| Literature - European Literature | 5 | 12.00 | 80% | 20% | 20% |
| Literature - World Literature | 7 | 14.29 | 86% | 43% | 14% |
| Mythology | 6 | 15.00 | 67% | 50% | 33% |
| Painting/Sculpture | 4 | 12.50 | 100% | 25% | 0% |
| Philosophy | 6 | 15.00 | 83% | 33% | 33% |
| Pop Culture | 5 | 14.00 | 80% | 40% | 20% |
| Religion | 6 | 20.00 | 83% | 67% | 50% |
| Science - Biology | 6 | 23.33 | 100% | 83% | 50% |
| Science - Chemistry | 6 | 13.33 | 67% | 67% | 0% |
| Science - Other Science | 7 | 11.43 | 57% | 29% | 29% |
| Science - Physics | 5 | 18.00 | 100% | 60% | 20% |
| Social Science | 3 | 10.00 | 67% | 33% | 0% |